The Turkish Empire, (Record no. 63809)

MARC details
000 -LEADER
fixed length control field 00702cam a22002171 4500
001 - CONTROL NUMBER
control field sa 65004537
003 - CONTROL NUMBER IDENTIFIER
control field DLC
005 - DATE AND TIME OF LATEST TRANSACTION
control field 20260227112131.0
008 - FIXED-LENGTH DATA ELEMENTS--GENERAL INFORMATION
fixed length control field 780911s1959 pk a b 000 0 eng
010 ## - LIBRARY OF CONGRESS CONTROL NUMBER
LC control number sa 65004537
035 ## - SYSTEM CONTROL NUMBER
System control number (OCoLC)4213179
040 ## - CATALOGING SOURCE
Original cataloging agency DLC
Transcribing agency NGenoU
Modifying agency DLC
043 ## - GEOGRAPHIC AREA CODE
Geographic area code a-tu---
050 00 - LIBRARY OF CONGRESS CALL NUMBER
Classification number DR441
Item number .E8 1959
100 1# - MAIN ENTRY--PERSONAL NAME
Personal name Eversley, G. Shaw-Lefevre
Fuller form of name (George Shaw-Lefevre),
Titles and words associated with a name Baron,
Dates associated with a name 1832-1928.
245 14 - TITLE STATEMENT
Title The Turkish Empire,
Remainder of title its growth and decay,
Statement of responsibility, etc. by Lord Eversley. With additional chapters on modern Turkey.
260 ## - PUBLICATION, DISTRIBUTION, ETC.
Place of publication, distribution, etc. Lahore,
Name of publisher, distributor, etc. Premier Book House
Date of publication, distribution, etc. [1959]
300 ## - PHYSICAL DESCRIPTION
Extent 489 p.
Other physical details illus.
Dimensions 22 cm.
504 ## - BIBLIOGRAPHY, ETC. NOTE
Bibliography, etc. note Bibliographical footnotes.
651 #0 - SUBJECT ADDED ENTRY--GEOGRAPHIC NAME
Geographic name Turkey
General subdivision History.

No items available.

Powered by Koha